Power Point 2007 (Registro nro. 11580)

Detalles MARC
000 -Cabecera
Campo de control de longitud fija 00683nam a22002897a 4500
005 - Fecha y hora de la última transacción
Campo de control 20250701132132.0
008 - Elementos de longitud fija--Información general
Campo de control de longitud fija 190122b2008 xxu||||| |||| 00| 0 spa d
020 ## - International Standard Book Number
Número Internacional Estándar del Libro (ISBN) 9789681871819
041 ## - Idioma
Código de idioma Español
082 ## - Clasificación Decimal Dewey
Número de clasificación 005.58 S454p
100 ## - Entrada principal--Autor personal
Nombre personal Segura, Elena
245 ## - Título propiamente dicho
Título Power Point 2007
260 ## - Pie de imprenta
Lugar de publicación, distribución, etc. México
260 ## - Pie de imprenta
Nombre del editor, distribuidor, etc. Limusa
260 ## - Pie de imprenta
Fecha de publicación, distribución, etc. 2008
300 ## - Descripción física
Extensión 296 páginas
490 ## - Serie
Título de la Serie Temática General
650 ## - Materia general
Temática (materia general) COMPUTACIÓN
650 ## - Materia general
Temática (materia general) PROGRAMAS PARA COMPUTADOR
650 ## - Materia general
Temática (materia general) POWER POINT
650 ## - Materia general
Temática (materia general) GRÁFICOS POR COMPUTADORA
650 ## - Materia general
Temática (materia general) PRESENTACIONES
650 ## - Materia general
Temática (materia general) DIAPOSITIVAS
650 ## - Materia general
Temática (materia general) TEXTO
650 ## - Materia general
Temática (materia general) IMÁGENES
942 ## - Punto de acceso adicional KOHA
Tipo de ítem KOHA Libro
Fuente del sistema de clasificación o colocación Dewey Decimal Classification
Existencias
Signatura completa Código de barras Programa Académico Tipo de ítem
005.58 S454p 6510   Libro